000 01482nam a22004217a 4500
001 9571131
003 LIBRIS
005 20210420061501.0
008 040721s2003 dcuaf b 000 0 eng d
010 _a 2004351300
020 _a0970548540 (pbk.)
035 _a(OCoLC)ocm52467552
035 _a(DLC) 2004351300
040 _aCO2
_cCO2
_dDNS
_dTXA
_dDLC
042 _alccopycat
043 _an-us---
050 0 0 _aRA395.A3
_bG485 2003
080 _a614
_bG-46
082 0 0 _a362.1/0425/0973
_222
084 _aVp
_2kssb/8 (machine generated)
100 1 _aGingrich, Newt.
245 1 0 _aSaving lives & saving money :
_btransforming health and healthcare /
_cNewt Gingrich with Dana Pavey and Anne Woodbury.
246 3 _aSaving lives and saving money
246 3 0 _aTransforming health and healthcare
260 _aWashington, DC :
_bThe Alexis de Tocqueville Institution,
_cc2003.
300 _aiii, 308 p., [14] p. of plates :
_bill. ;
_c23 cm.
504 _aIncludes bibliographical references (p. 298-299) and web site resources (p. 297-298).
650 0 _aHealth care reform
_zUnited States.
650 0 _aMedical policy
_zUnited States.
650 0 _aMedical care
_zUnited States.
650 2 _aHealth Care Reform
_zUnited States.
650 2 _aDelivery of Health Care
_zUnited States.
650 2 _aPublic Policy
_zUnited States.
653 _aჯანდაცვა
700 1 _aPavey, Dana.
_4aut
700 1 _aWoodbury, Anne.
_4aut
942 _2udc
_cBK
999 _c457
_d457